000 00400nam a2200157Ia 4500
008 230312s9999||||xx |||||||||||||| ||und||
020 _a81-7758-444-8
082 _a338.5
_bKEA-M
100 _aKeat Paul, G.
245 0 _aManagerial Economics
260 _bPearson Education
_aIndia
_c2008
300 _a562
546 _aEng.
650 _aEconomics
_vIntroduction , Firm and its Goals
942 _cBK
999 _c2201
_d2201